Anteproyecto de carreteras del tramo Cañas-Hacienda Montecristo del Proyecto Tilarán-Puerto Viejo
Spremljeno u:
| Glavni autor: | |
|---|---|
| Format: | Nepoznato |
| Izdano: |
[San José, Costa Rica]
1974
|
| Teme: | |
| Oznake: |
Dodaj oznaku
Bez oznaka, Budi prvi tko označuje ovaj zapis!
|
MARC
| LEADER | 00000 a2200000 4500 | ||
|---|---|---|---|
| 003 | 011461 | ||
| 005 | 20221231143820.0 | ||
| 008 | 140114s1974 c a m 000 ||s d | ||
| 040 | |c cru CEDI | ||
| 090 | |a TFG 542 | ||
| 100 | |a Cordero Mora, Carlos |9 16673 | ||
| 245 | |a Anteproyecto de carreteras del tramo Cañas-Hacienda Montecristo del Proyecto Tilarán-Puerto Viejo | ||
| 260 | |c 1974 |a [San José, Costa Rica] | ||
| 300 | |a 46 hojas : cuadros, mapas | ||
| 500 | |a Tesis (Ingeniero Civil)--Universidad de Costa Rica. | ||
| 650 | |x CARRETERA TILARAN-PUERTO VIEJO |9 16674 | ||
| 942 | |c TFG | ||
| 999 | |c 12419 |d 12419 | ||
